000 00304nam a22001457a 4500
008 211019b ||||| |||| 00| 0 eng d
020 _a0256018243
041 _aeng
080 _a330
082 _a330
100 _a54
101 _aEKO
245 _aLabor Economics
_cCartter,A.M
942 _2udc
_cBK
999 _c58273
_d58273